| 000 | 00485nam a22001697a 4500 | ||
|---|---|---|---|
| 003 | NUST - PNEC | ||
| 005 | 20170116181206.0 | ||
| 008 | 161119b xxu||||| |||| 00| 0 eng d | ||
| 020 | _a- | ||
| 040 | _cLIBRARY | ||
| 082 | _a297.124 ABD | ||
| 100 |
_916845 _aAbdullah , Muhammad Bin |
||
| 245 |
_aMishkat Shareef (Mutrajam) Vol.3 Urdu _cAlama Waliuddin Muhammad Bin Abdullah |
||
| 260 |
_aLahore: _bQadri Publications; _c2006 |
||
| 650 |
_916847 _aIslam _xGeneral |
||
| 942 |
_2ddc _cBK |
||
| 999 |
_c71649 _d71649 |
||